[Event "DVM U14w 2014"]
[Site "Regensburg GER"]
[Date "2014.12.29"]
[Round "5"]
[White "Flach, Helene"]
[Black "Rieger, Lotta"]
[Result "1-0"]
[Termination "normal"]
[Board "3.3"]
[WhiteElo "1667"]
[BlackElo "1462"]
[WhiteTeam "SK Langen"]
[BlackTeam "SV Empor Erfurt"]
[PlyCount "105"]
[WhiteFideId "12929735"]
[BlackFideId "12964620"]
[EventCountry "GER"]
[EventRounds "7"]
[EventType "team-swiss"]
[EventDate "2014.12.26"]

1. e4 {[%emt 0:00:00]} e6 2. d4 d5 3. exd5 exd5 4. Bd3 Bd6 5. Ne2 Nf6 6. Bf4
Nc6 7. c3 O-O 8. O-O Re8 9. Bxd6 Qxd6 10. Ng3 a6 11. Nd2 b5 12. Nf3 Bg4 13. h3
Bh5 14. Nxh5 Nxh5 15. Bxh7+ Kxh7 16. Ng5+ Kg6 17. Qg4 Qf4 18. Qd7 Qxg5 19.
Qxc6+ Kh7 20. Qxc7 Nf4 21. g3 Nxh3+ 22. Kg2 Re7 23. Qd6 Re6 24. Qc7 Rh6 25.
Qxf7 Qg4 26. f3 Qg6 27. Qxg6+ Kxg6 28. f4 Re8 29. Rae1 Rxe1 30. Rxe1 Kf5 31.
Re7 g5 32. Re5+ Kg4 33. f5 Rh8 34. Rxd5 Re8 35. Re5 Rxe5 36. dxe5 Nf4+ 37. gxf4
Kxf5 38. fxg5 Kxg5 39. Kf3 Kf5 40. e6 Kxe6 41. Ke4 Kd6 42. Kd4 Kc6 43. b3 a5
44. b4 axb4 45. cxb4 Kd6 46. a3 Kc6 47. Ke5 Kc7 48. Kd5 Kb6 49. Kd6 Kb7 50. Kc5
Ka6 51. Kc6 Ka7 52. Kxb5 Kb7 53. a4 1-0

[Event "DVM U14w 2014"]
[Site "Regensburg GER"]
[Date "2014.12.29"]
[Round "5"]
[White "Allin, Katharina"]
[Black "Lehnert, Anna-Victoria"]
[Result "1-0"]
[Termination "normal"]
[Board "3.4"]
[WhiteElo "1363"]
[BlackElo "1093"]
[WhiteTeam "SV Empor Erfurt"]
[BlackTeam "SK Langen"]
[PlyCount "66"]
[WhiteFideId "12903779"]
[BlackFideId "12957062"]
[EventCountry "GER"]
[EventRounds "7"]
[EventType "team-swiss"]
[EventDate "2014.12.26"]

1. e4 e5 2. Nf3 Nf6 3. Nxe5 Qe7 4. Nf3 Nxe4 5. Qe2 Nc6 6. d3 Nf6 7. Bg5 Qxe2+
8. Bxe2 Be7 9. Nc3 a6 10. O-O d6 11. h3 Be6 12. a3 O-O-O 13. Rfe1 h6 14. Be3 d5
15. d4 Rhe8 16. Bd3 g5 17. Nh2 Bd6 18. Rad1 Nd7 19. Ng4 Rh8 20. Nh2 Be7 21. f3
Bf6 22. Ne2 Nb6 23. c3 Nc4 24. Bxc4 dxc4 25. f4 gxf4 26. Nxf4 Bh4 27. Nxe6 Bxe1
28. Nxd8 Kxd8 29. Rxe1 Re8 30. Bf2 Rg8 31. Bh4+ Kd7 32. Ng4 Rg6 33. d5 Na5 1-0

[Event "DVM U14w 2014"]
[Site "Regensburg GER"]
[Date "2014.12.29"]
[Round "5"]
[White "Riegel, Arinna"]
[Black "Schneider, Jana"]
[Result "0-1"]
[Termination "normal"]
[Board "4.1"]
[WhiteElo "1674"]
[BlackElo "1759"]
[WhiteTeam "SF Sasbach"]
[BlackTeam "SK Neumarkt"]
[PlyCount "108"]
[WhiteFideId "12931446"]
[BlackFideId "12924997"]
[EventCountry "GER"]
[EventRounds "7"]
[EventType "team-swiss"]
[EventDate "2014.12.26"]

1. e4 e5 2. Nf3 Nc6 3. Bb5 a6 4. Bxc6 dxc6 5. d4 exd4 6. Qxd4 Qxd4 7. Nxd4 Bc5
8. Ne2 Nf6 9. Nbc3 Be6 10. Bg5 h6 11. Bh4 O-O-O 12. Rd1 Rxd1+ 13. Kxd1 Ng4 14.
Ke1 Ne5 15. Bg3 Nc4 16. b3 Nd6 17. Be5 f6 18. Bd4 Bb4 19. Kd1 Rd8 20. Kc1 Bxc3
21. Nxc3 Nxe4 22. Nxe4 Rxd4 23. Nd2 c5 24. g3 Kd7 25. Re1 b6 26. Nf3 Rd5 27.
Ng1 c4 28. Ne2 Ra5 29. Kb2 cxb3 30. axb3 Re5 31. f4 Rd5 32. Nc3 Rd2 33. h4 Bf5
34. Ne4 Rg2 35. Rd1+ Ke6 36. Re1 Kf7 37. Re3 h5 38. Kc1 Bxe4 39. Rxe4 Rxg3 40.
f5 Rf3 41. Rd4 Ke7 42. Rc4 Kd6 43. Rd4+ Kc6 44. Rc4+ Kb7 45. Re4 Rxf5 46. Re7
g5 47. hxg5 fxg5 48. Rh7 g4 49. Kd1 Kc6 50. Ke2 b5 51. Ke3 g3 52. Rg7 h4 53.
Rg4 Rh5 54. Kf3 h3 0-1

[Event "DVM U14w 2014"]
[Site "Regensburg GER"]
[Date "2014.12.29"]
[Round "5"]
[White "Schilay, Eva"]
[Black "Ehmann, Johanna"]
[Result "0-1"]
[Termination "normal"]
[Board "4.2"]
[WhiteElo "1464"]
[BlackElo "1563"]
[WhiteTeam "SK Neumarkt"]
[BlackTeam "SF Sasbach"]
[PlyCount "70"]
[WhiteFideId "12930164"]
[BlackFideId "12953130"]
[EventCountry "GER"]
[EventRounds "7"]
[EventType "team-swiss"]
[EventDate "2014.12.26"]

1. Nc3 {[%emt 0:00:00]} e5 2. Nf3 Bc5 3. d4 exd4 4. Nxd4 d6 5. g3 Nf6 6. Bg2
Ng4 7. h3 Nxf2 8. Kxf2 Qf6+ 9. Ke1 Bxd4 10. Rf1 Bxc3+ 11. bxc3 Qxc3+ 12. Bd2
Qxg3+ 13. Rf2 Bxh3 14. Bxh3 Qxh3 15. Qb1 Qh1+ 16. Rf1 Qc6 17. Qb3 O-O 18. Rg1
d5 19. Qb2 f6 20. Qb3 Nd7 21. Qg3 Rf7 22. Kd1 Qd6 23. Qg2 Ne5 24. Bf4 Qe7 25.
Kc1 c6 26. Rh1 Ng6 27. Qh2 h6 28. Bd2 Qe5 29. Rb1 Qxh2 30. Rxh2 b6 31. Rg2 Kh7
32. Kb2 Ne5 33. Kb3 Nc4 34. Bc3 a5 35. Bd4 Nd2+ 0-1

[Event "DVM U14w 2014"]
[Site "Regensburg GER"]
[Date "2014.12.29"]
[Round "5"]
[White "Lohrmann, Tabea"]
[Black "Schilay, Maria"]
[Result "1-0"]
[Termination "normal"]
[Board "4.3"]
[WhiteElo "1465"]
[BlackElo "1234"]
[WhiteTeam "SF Sasbach"]
[BlackTeam "SK Neumarkt"]
[PlyCount "107"]
[WhiteFideId "12911941"]
[BlackFideId "12942979"]
[EventCountry "GER"]
[EventRounds "7"]
[EventType "team-swiss"]
[EventDate "2014.12.26"]

1. e4 e5 2. Nf3 Nc6 3. d4 exd4 4. Bc4 Nf6 5. e5 d5 6. Bb5 Ne4 7. Nxd4 Bc5 8.
O-O O-O 9. Be3 Bb6 10. Nxc6 bxc6 11. Bxc6 Ba6 12. Qxd5 Bxf1 13. Bxa8 Bxg2 14.
Kxg2 Qxa8 15. Qxa8 Rxa8 16. Kf3 Nc5 17. Nc3 Re8 18. Rd1 h5 19. Rd5 c6 20. Rd6
Rxe5 21. Rxc6 Nd7 22. Bxb6 Nxb6 23. Ne4 Rf5+ 24. Ke3 Nd5+ 25. Kd4 Ne7 26. Rc5
g6 27. Rxf5 Nxf5+ 28. Kd5 Kf8 29. c4 Ke7 30. c5 Kd7 31. b4 Ne7+ 32. Kc4 Kc6 33.
b5+ Kc7 34. Nf6 Kd8 35. b6 axb6 36. cxb6 Kc8 37. a4 Kb7 38. a5 Nc6 39. Kb5 Nd4+
40. Kc5 Nb3+ 41. Kb4 Nd4 42. Ne4 Nc6+ 43. Ka4 Nb8 44. Nd6+ Kc6 45. Nxf7 Kb7 46.
Kb5 h4 47. Nd6+ Ka8 48. a6 Nd7 49. a7 g5 50. Kc6 Ne5+ 51. Kc7 Nc4 52. b7+ Kxa7
53. b8=Q+ Ka6 54. Qa8# 1-0

[Event "DVM U14w 2014"]
[Site "Regensburg GER"]
[Date "2014.12.29"]
[Round "5"]
[White "Held, Fabienne"]
[Black "Schneider, Katharina"]
[Result "1-0"]
[Termination "normal"]
[Board "4.4"]
[WhiteElo "1058"]
[BlackElo "1153"]
[WhiteTeam "SK Neumarkt"]
[BlackTeam "SF Sasbach"]
[PlyCount "133"]
[WhiteFideId "12964670"]
[BlackFideId "16200519"]
[EventCountry "GER"]
[EventRounds "7"]
[EventType "team-swiss"]
[EventDate "2014.12.26"]

1. e4 {[%emt 0:00:00]} e5 2. Nf3 Nc6 3. Bc4 Bc5 4. c3 Nf6 5. d3 d6 6. h3 Qe7 7.
Bb3 Be6 8. Bc2 d5 9. Nbd2 Qd6 10. Qe2 dxe4 11. dxe4 O-O-O 12. O-O Nh5 13. a3 h6
14. b4 Bb6 15. c4 Nf4 16. Qd1 Bd4 17. Rb1 g5 18. Ne1 h5 19. c5 Qd7 20. b5 Ne7
21. c6 bxc6 22. bxc6 Nxc6 23. Ba4 Bb6 24. Qc2 Ne2+ 25. Kh2 Ned4 26. Qc3 Qd6 27.
Bxc6 Qxc6 28. Qb4 g4 29. h4 f5 30. a4 a5 31. Qb2 fxe4 32. Qa3 Bf5 33. Rb2 Qxc1
34. Nd3 Qc6 35. Nxe5 Qe6 36. Nec4 Kb7 37. Nxb6 cxb6 38. Qc3 Qe5+ 39. Kh1 Rc8
40. Nc4 Ka6 41. Rxb6+ Ka7 42. Rfb1 Qc5 43. Rb7+ Ka8 44. R1b6 Rb8 45. Qb2 Rxb7
46. Rxb7 Nc6 47. Nb6+ Kxb7 48. Nd7+ Kc7 49. Nxc5 Kd6 50. Nb7+ Kd5 51. Qxh8 Kc4
52. Nd6+ Kc5 53. Nxf5 Kd5 54. Qxh5 Ke6 55. Qxg4 Ke5 56. f4+ Kd5 57. h5 Ke6 58.
h6 Kf7 59. h7 Ne7 60. Nxe7 Kxe7 61. h8=Q Kd6 62. Qe5+ Kc6 63. Qg6+ Kd7 64.
Qgd6+ Kc8 65. Qec5+ Kb7 66. Qdb6+ Ka8 67. Qcxa5# 1-0

[Event "DVM U14w 2014"]
[Site "Regensburg GER"]
[Date "2014.12.29"]
[Round "5"]
[White "Hausmann, Sarah"]
[Black "Peil, Celine"]
[Result "1/2-1/2"]
[Termination "normal"]
[Board "5.1"]
[WhiteElo "1364"]
[BlackElo "1870"]
[WhiteTeam "SK Gräfelfing"]
[BlackTeam "USG Chemnitz"]
[PlyCount "80"]
[WhiteFideId "12972630"]
[BlackFideId "12942219"]
[EventCountry "GER"]
[EventRounds "7"]
[EventType "team-swiss"]
[EventDate "2014.12.26"]

1. e4 c5 2. Nf3 Nc6 3. Be2 g6 4. c3 Bg7 5. d3 d5 6. O-O dxe4 7. dxe4 Qxd1 8.
Rxd1 Nf6 9. Bd3 c4 10. Bc2 O-O 11. Bf4 h6 12. Na3 Be6 13. Nd4 Nxd4 14. cxd4 Nh5
15. Be3 Rac8 16. Nb5 a6 17. Nc3 Rfd8 18. Na4 b5 19. Nc5 Ra8 20. e5 g5 21. g3
Bd5 22. Rd2 Bh8 23. Bd1 Ng7 24. Bc2 f6 25. exf6 exf6 26. Re1 Ne6 27. Nxe6 Bxe6
28. Bxg5 fxg5 29. Rxe6 Bg7 30. Re4 Rd6 31. Bd1 Rad8 32. b3 c3 33. Rc2 Rxd4 34.
Rxd4 Rxd4 35. Be2 Rd2 36. Rxd2 cxd2 37. Kf1 a5 38. Bd1 b4 39. Ke2 Bc3 40. Ke3
Kg7 1/2-1/2

[Event "DVM U14w 2014"]
[Site "Regensburg GER"]
[Date "2014.12.29"]
[Round "5"]
[White "Fuchs, Joline"]
[Black "Shvartsman, Kristina"]
[Result "1/2-1/2"]
[Termination "normal"]
[Board "5.2"]
[WhiteElo "1416"]
[BlackElo "1388"]
[WhiteTeam "USG Chemnitz"]
[BlackTeam "SK Gräfelfing"]
[PlyCount "78"]
[WhiteFideId "12964506"]
[BlackFideId "12983438"]
[EventCountry "GER"]
[EventRounds "7"]
[EventType "team-swiss"]
[EventDate "2014.12.26"]

1. e4 c5 2. Nc3 Nc6 3. Nf3 d6 4. Bc4 e6 5. O-O Nf6 6. Re1 a6 7. d4 b5 8. Bf1
cxd4 9. Nxd4 Bb7 10. Bg5 Be7 11. Nxc6 Bxc6 12. a3 O-O 13. Qd2 Qc7 14. Rad1 Rfd8
15. Bd3 Rd7 16. Qe2 Rc8 17. Rd2 Nxe4 18. Nxe4 Bxe4 19. Bxe7 Bxd3 20. Qxd3 Rxe7
21. Qxd6 Qxd6 22. Rxd6 h6 23. c3 Ra7 24. h3 Rcc7 25. Red1 Kh7 26. R1d4 Rcb7 27.
b4 a5 28. Rc6 axb4 29. axb4 Rc7 30. Rxc7 Rxc7 31. Rd3 Kg6 32. f3 Kf5 33. Kf2 g5
34. Ke3 Ke5 35. g3 Rc4 36. Kd2 Rc6 37. Rd7 Rd6+ 38. Rxd6 Kxd6 39. Kd3 Kd5
1/2-1/2

[Event "DVM U14w 2014"]
[Site "Regensburg GER"]
[Date "2014.12.29"]
[Round "5"]
[White "Khamenya, Vitalia"]
[Black "Wienhold, Nadine"]
[Result "1/2-1/2"]
[Termination "normal"]
[Board "5.3"]
[WhiteElo "1422"]
[BlackElo "1391"]
[WhiteTeam "SK Gräfelfing"]
[BlackTeam "USG Chemnitz"]
[PlyCount "67"]
[WhiteFideId "12959260"]
[BlackFideId "12964514"]
[EventCountry "GER"]
[EventRounds "7"]
[EventType "team-swiss"]
[EventDate "2014.12.26"]

1. e4 {[%emt 0:00:00]} e5 2. f4 Nc6 3. Nf3 d6 4. Bc4 Be7 5. O-O Nf6 6. Nc3 O-O
7. d3 Be6 8. Bb3 exf4 9. d4 Bxb3 10. axb3 Nd7 11. Bxf4 Bf6 12. Kh1 Re8 13. Rg1
a6 14. g4 g6 15. g5 Bg7 16. Qd2 Nb6 17. h4 Qd7 18. Rg3 Re7 19. Kh2 Rae8 20. Re1
Qc8 21. h5 Qd7 22. hxg6 fxg6 23. Rh3 Rf8 24. Kg3 Ref7 25. Reh1 Bh8 26. Be3 Re8
27. Nh4 Qe6 28. Ng2 Qd7 29. Nf4 Ne7 30. Nd1 Ref8 31. Qh2 Nc6 32. c3 Qe7 33. Nf2
Qxg5+ 34. Kf3 1/2-1/2

[Event "DVM U14w 2014"]
[Site "Regensburg GER"]
[Date "2014.12.29"]
[Round "5"]
[White "Belusa, Laura Sophie"]
[Black "Shvartsman, Julia"]
[Result "1-0"]
[Termination "normal"]
[Board "5.4"]
[WhiteElo "1126"]
[BlackElo "1035"]
[WhiteTeam "USG Chemnitz"]
[BlackTeam "SK Gräfelfing"]
[PlyCount "87"]
[WhiteFideId "12964522"]
[BlackFideId "12983454"]
[EventCountry "GER"]
[EventRounds "7"]
[EventType "team-swiss"]
[EventDate "2014.12.26"]

1. e4 e5 2. Nf3 Nc6 3. d4 exd4 4. Nxd4 Bc5 5. Be3 Bb6 6. Nc3 Nf6 7. Be2 d5 8.
exd5 Nxd5 9. O-O Nxe3 10. fxe3 Nxd4 11. exd4 Bxd4+ 12. Kh1 O-O 13. Qd3 c5 14.
Rf3 Qg5 15. Rg3 Qf5 16. Rf1 Qxd3 17. Bxd3 Be5 18. Rg5 Bd4 19. Nd5 f6 20. Rh5 h6
21. Ne7+ Kf7 22. Ng6 Re8 23. c3 Re3 24. Bb1 Bxc3 25. bxc3 Rxc3 26. Ne5+ Kf8 27.
a4 a6 28. Ba2 Ke7 29. Ng6+ Kd6 30. Rd1+ Kc7 31. h3 Rc2 32. Bf7 b5 33. a5 Bb7
34. Nf4 b4 35. Bd5 c4 36. Ne6+ Kc8 37. Bxc4 Bxg2+ 38. Kg1 Bf3 39. Rc5+ Kb8 40.
Rd8+ Ka7 41. Rc7+ Bb7 42. Rxb7+ Kxb7 43. Bd5+ Ka7 44. Rxa8# 1-0

[Event "DVM U14w 2014"]
[Site "Regensburg GER"]
[Date "2014.12.29"]
[Round "5"]
[White "Böse, Carolin"]
[Black "ter Stal, Esther"]
[Result "1/2-1/2"]
[Termination "normal"]
[Board "6.2"]
[WhiteElo "1410"]
[BlackElo "1482"]
[WhiteTeam "SC Bavaria Regensburg"]
[BlackTeam "SK Nordhorn-Blanke"]
[PlyCount "51"]
[WhiteFideId "12929646"]
[BlackFideId "12944467"]
[EventCountry "GER"]
[EventRounds "7"]
[EventType "team-swiss"]
[EventDate "2014.12.26"]

1. e4 {[%emt 0:00:00]} c6 2. Nc3 d5 3. d4 dxe4 4. Nxe4 Nd7 5. Nf3 Ngf6 6. Nxf6+
Nxf6 7. c3 Bf5 8. Bd3 Bxd3 9. Qxd3 e6 10. Bf4 Qb6 11. Qc2 c5 12. O-O Be7 13.
Be5 h6 14. Rad1 O-O 15. h3 Rfd8 16. Rfe1 Rac8 17. Rd3 cxd4 18. Bxd4 Qa5 19. Qb3
Rc7 20. Red1 Qa6 21. Ne5 Nd5 {[%emt 0:00:00]} 22. c4 Nf4 23. R3d2 Rcc8 24. Be3
Nh5 25. Rd4 Nf6 26. R1d3 1/2-1/2

[Event "DVM U14w 2014"]
[Site "Regensburg GER"]
[Date "2014.12.29"]
[Round "5"]
[White "Hallfarth, Freya"]
[Black "Hauner, Sara-Marie"]
[Result "1-0"]
[Termination "normal"]
[Board "6.3"]
[WhiteElo "1125"]
[BlackElo "756"]
[WhiteTeam "SK Nordhorn-Blanke"]
[BlackTeam "SC Bavaria Regensburg"]
[PlyCount "66"]
[WhiteFideId "12981168"]
[BlackFideId "16200578"]
[EventCountry "GER"]
[EventRounds "7"]
[EventType "team-swiss"]
[EventDate "2014.12.26"]

1. c4 e5 2. Nc3 Nf6 3. g3 d5 4. Bg2 dxc4 5. Qa4+ Bd7 6. Qxc4 Bd6 7. Bxb7 Be6 8.
Qd3 Nbd7 9. Bxa8 Qxa8 10. f3 O-O 11. e4 Nc5 12. Qe3 Na6 13. d3 Nb4 14. Qd2 a5
15. a3 Nc6 16. Nge2 Bc5 17. Qc2 Qa6 18. Na4 Bd4 19. Nxd4 Nxd4 20. Qd1 Qb5 21.
Nc3 Qb3 22. Qxb3 Bxb3 23. O-O c6 24. Bg5 Nd7 25. f4 Bc2 26. fxe5 Nxe5 27. Bf4
Ng4 28. Rac1 Ne2+ 29. Nxe2 Bxd3 30. Rfe1 Bxe4 31. Nd4 Rc8 32. Rxe4 c5 33. Rxc5
Ra8 {nicht nachvollziehbar} 1-0

[Event "DVM U14w 2014"]
[Site "Regensburg GER"]
[Date "2014.12.29"]
[Round "5"]
[White "Lederer, Leia"]
[Black "Jörs, Pia-Milena"]
[Result "1-0"]
[Termination "normal"]
[Board "7.1"]
[WhiteElo "1569"]
[BlackElo "1462"]
[WhiteTeam "SV Stuttgart-Wolfbusch"]
[BlackTeam "SG Güstrow/Teterow"]
[PlyCount "97"]
[WhiteFideId "12926353"]
[BlackFideId "12964646"]
[EventCountry "GER"]
[EventRounds "7"]
[EventType "team-swiss"]
[EventDate "2014.12.26"]

1. e4 {[%emt 0:00:00]} e5 2. Nf3 Nc6 3. Bb5 Nf6 4. O-O Nxe4 5. d4 Nd6 6. Bxc6
dxc6 7. dxe5 Nf5 8. Qxd8+ Kxd8 9. Bg5+ Be7 10. Nc3 h6 11. Rad1+ Ke8 12. Bxe7
Nxe7 13. Nd4 Nf5 14. Rfe1 Nxd4 15. Rxd4 Be6 16. Red1 Ke7 17. f4 Rhd8 18. Rxd8
Rxd8 19. Rxd8 Kxd8 20. Kf2 Bf5 21. Ke3 Bxc2 22. g4 Bh7 23. f5 Ke7 24. h4 g6 25.
Kf4 Bg8 26. Ne4 b6 $11 27. Nf6 Kf8 28. h5 gxh5 29. gxh5 c5 30. Ke4 c6 31. Kd3
Kg7 32. Ng4 Bh7 33. Ne3 b5 34. b3 Kf8 35. Ke4 Kg7 36. Kf4 a5 37. a3 Kf8 38. Ke4
Kg7 39. Kd3 Kf8 40. Ke4 Ke7 41. Ng4 Kf8 42. Nxh6 Kg7 43. Ng4 Kf8 44. h6 Kg8 45.
Nf6+ Kh8 46. Nxh7 Kxh7 47. e6 fxe6 48. fxe6 Kxh6 49. e7 1-0

[Event "DVM U14w 2014"]
[Site "Regensburg GER"]
[Date "2014.12.29"]
[Round "5"]
[White "Liu, Sijia Anna"]
[Black "Maßloch, Lea"]
[Result "0-1"]
[Termination "normal"]
[Board "7.3"]
[WhiteElo "1040"]
[BlackElo "1133"]
[WhiteTeam "SV Stuttgart-Wolfbusch"]
[BlackTeam "SG Güstrow/Teterow"]
[PlyCount "58"]
[WhiteFideId "12989746"]
[BlackFideId "12957909"]
[EventCountry "GER"]
[EventRounds "7"]
[EventType "team-swiss"]
[EventDate "2014.12.26"]

1. e4 c5 2. Nf3 Nc6 3. Nc3 e6 4. d4 cxd4 5. Nxd4 Nf6 6. f3 Bb4 7. Be3 O-O {
[%emt 0:00:00]} 8. Bd3 d5 9. exd5 Nxd5 10. Nxc6 bxc6 11. Bd2 Rb8 12. Rb1 Qe7
13. Ne4 Bc5 14. Nxc5 Qxc5 15. g4 f5 16. g5 e5 17. Qe2 Re8 18. h4 Nf4 19. Qf1
Nxd3+ 20. cxd3 e4 21. dxe4 fxe4 22. f4 Qc2 23. Ke2 e3 24. Kf3 exd2 25. Qg2 Qd3+
26. Kf2 Re2+ 27. Kg1 Qxb1+ 28. Qf1 d1=R 29. Rh2 Rxf1# 0-1

[Event "DVM U14w 2014"]
[Site "Regensburg GER"]
[Date "2014.12.29"]
[Round "5"]
[White "Gesell, Myriam"]
[Black "Witte, Hanna"]
[Result "1-0"]
[Termination "normal"]
[Board "7.4"]
[WhiteElo "800"]
[BlackElo "800"]
[WhiteTeam "SG Güstrow/Teterow"]
[BlackTeam "SV Stuttgart-Wolfbusch"]
[PlyCount "55"]
[WhiteFideId "16200330"]
[BlackFideId "16200322"]
[EventCountry "GER"]
[EventRounds "7"]
[EventType "team-swiss"]
[EventDate "2014.12.26"]

1. e4 e5 2. Nf3 Nc6 3. Bc4 Bc5 4. Nc3 Nf6 5. h3 d6 6. O-O Be6 7. d3 Qe7 8. Qe1
O-O-O 9. Be3 Qd7 10. Qd2 Bb4 11. Bb5 Qe7 12. Bxc6 bxc6 13. d4 exd4 14. Nxd4 Bc4
15. Nxc6 Qe8 16. Nxd8 Qxd8 17. Rfe1 d5 18. Qd4 Bxc3 19. bxc3 c6 20. Reb1 Qc7
21. Rb2 Qd6 22. Qxa7 Qc7 23. Rab1 h6 24. Rb8+ Kd7 25. Rxh8 Kd6 26. Bf4+ Ke6 27.
Qxc7 Nh5 28. Qd6# 1-0

[Event "DVM U14w 2014"]
[Site "Regensburg GER"]
[Date "2014.12.29"]
[Round "5"]
[White "Rudolph, Eva"]
[Black "Schneider, Xenia"]
[Result "1-0"]
[Termination "normal"]
[Board "8.1"]
[WhiteElo "1278"]
[BlackElo "1107"]
[WhiteTeam "Düsseldorfer SK"]
[BlackTeam "SK Endingen"]
[PlyCount "161"]
[WhiteFideId "16200594"]
[BlackFideId "12911984"]
[EventCountry "GER"]
[EventRounds "7"]
[EventType "team-swiss"]
[EventDate "2014.12.26"]

1. e4 {[%emt 0:00:00]} c5 2. Nf3 Nc6 3. Bb5 e6 4. O-O a6 5. Bxc6 bxc6 6. d3 Be7
7. Be3 Nf6 8. Nbd2 O-O 9. c3 d5 10. Qa4 Bd7 11. h3 h6 12. e5 Nh7 13. Qg4 Ng5
14. h4 Nxf3+ 15. Nxf3 f5 16. Qg6 f4 17. Bd2 Bxh4 18. Qg4 Bg5 19. Kh2 Qe7 20.
Rh1 Be8 21. Kg1 Bg6 22. d4 Bf5 23. Qh5 Be4 24. Qg4 Bxf3 25. Qxf3 c4 26. Qd1 c5
27. a3 Rab8 28. Rb1 cxd4 29. cxd4 f3 30. Bb4 Qc7 31. Bd6 Qf7 32. Qxf3 Rb3 33.
Qe2 Qg6 34. Kh2 Rh3+ 35. Kxh3 Rf4 36. g3 Qf5+ 37. Kg2 Rxd4 38. Qf3 Qc2 39. Rhd1
Re4 40. Qc3 Qa4 41. b3 Qc6 42. bxc4 dxc4 43. Rb8+ Kh7 44. Qf3 c3 45. Rd3 Rc4
46. Qxc6 Rxc6 47. a4 c2 48. Ba3 Kg6 49. f4 Be7 50. Bb2 Kf5 51. Kf3 h5 52. Rbb3
c1=Q 53. Bxc1 Rxc1 54. Rd7 Bc5 55. Rxg7 Rf1+ 56. Ke2 Rf2+ 57. Kd3 Rf3+ 58. Kc4
Rxb3 59. Kxb3 Bf2 60. Kb4 Be1+ 61. Kc5 h4 62. gxh4 Bxh4 63. Rh7 Bg3 64. Rf7+
Ke4 65. Kd6 Bxf4 66. Rxf4+ Kxf4 67. Kxe6 Kg5 68. Kf7 Kf5 69. e6 Ke4 70. e7 Kd5
71. e8=Q Kd4 72. Kf6 Kd3 73. Qe5 Kc4 74. Qd6 Kc3 75. Ke5 Kc4 76. Qd4+ Kb3 77.
Qc5 Kxa4 78. Qb6 a5 79. Kd4 Ka3 80. Kc3 a4 81. Qb2# 1-0

[Event "DVM U14w 2014"]
[Site "Regensburg GER"]
[Date "2014.12.29"]
[Round "5"]
[White "Takeuchi, Alina"]
[Black "Wagner, Anna"]
[Result "0-1"]
[Termination "normal"]
[Board "8.3"]
[WhiteElo "920"]
[BlackElo "937"]
[WhiteTeam "Düsseldorfer SK"]
[BlackTeam "SK Endingen"]
[PlyCount "80"]
[WhiteFideId "16200616"]
[BlackFideId "12983489"]
[EventCountry "GER"]
[EventRounds "7"]
[EventType "team-swiss"]
[EventDate "2014.12.26"]

1. e4 {[%emt 0:00:00]} c6 2. d4 d5 3. Nc3 e6 4. Bd3 Nf6 5. e5 Nfd7 6. Nf3 Bb4
7. Bd2 O-O 8. a3 Bxc3 9. Bxc3 h6 10. O-O c5 11. dxc5 Nxc5 12. Bb4 Nba6 13. Re1
Nxb4 14. axb4 Nxd3 15. Qxd3 a5 16. b5 b6 17. h4 Bd7 18. g4 a4 19. g5 h5 20. Kh1
Ra5 21. Nd4 Qe8 22. Qf3 g6 23. b3 Bxb5 24. Nxb5 Qxb5 25. Re3 axb3 26. Rxb3
Rxa1+ 27. Kg2 Qf1+ 28. Kg3 Qg1+ 29. Kf4 Qh2+ 30. Ke3 Qxe5+ 31. Kd3 Qe4+ 32.
Qxe4 dxe4+ 33. Kxe4 Re1+ 34. Kd3 Rd8+ 35. Kc4 Re2 36. Rxb6 Rxc2+ 37. Kb3 Rxf2
38. Rb4 Rf5 39. Rb6 Rf3+ 40. Kc4 Kf8 {nicht nachvollziehbar} 0-1

[Event "DVM U14w 2014"]
[Site "Regensburg GER"]
[Date "2014.12.29"]
[Round "5"]
[White "Reinbold, Sorah Marie"]
[Black "Sokolowski, Judith"]
[Result "1-0"]
[Termination "normal"]
[Board "8.4"]
[WhiteElo "869"]
[BlackElo "1043"]
[WhiteTeam "SK Endingen"]
[BlackTeam "Düsseldorfer SK"]
[PlyCount "94"]
[WhiteFideId "12983497"]
[BlackFideId "16200624"]
[EventCountry "GER"]
[EventRounds "7"]
[EventType "team-swiss"]
[EventDate "2014.12.26"]

1. e4 e5 2. Nf3 Nf6 3. Nc3 Bb4 4. Bc4 Nc6 5. O-O Bxc3 6. bxc3 Nxe4 7. d3 Nxc3
8. Qe1 Na4 9. Nxe5 O-O 10. Nxf7 Rxf7 11. Bxf7+ Kxf7 12. Qe4 Nb6 13. Qxh7 Qf6
14. Qh5+ Kg8 15. Re1 Ne7 16. Ba3 d6 17. h3 Bd7 18. Rad1 Nbd5 19. Re4 Nf5 20.
Ree1 Nc3 21. Bb2 Ne2+ 22. Rxe2 Qxb2 23. c4 Qd4 24. Re4 Qf6 25. Qg4 c6 26. Qf3
d5 27. cxd5 {[%emt 0:00:00]} cxd5 {[%emt 0:00:06]} 28. Rf4 Qe5 29. d4 Qe6 30.
Kf1 Bb5+ 31. Kg1 Ba4 32. Rd2 Qe1+ 33. Kh2 Qxd2 34. Qxd5+ Kh8 35. Rxf5 Bd1 36.
Qxb7 Rd8 37. Qxa7 Qxd4 38. Qb7 Qd6+ 39. Kh1 Rf8 40. Rg5 Qd4 41. Qe7 Kg8 42.
Qe6+ Kh8 43. Rd5 Qc4 44. Qd6 Qc8 45. Rxd1 Rd8 46. Qxd8+ Qxd8 47. Rxd8+ Kh7 1-0

[Event "DVM U14w 2014"]
[Site "Regensburg GER"]
[Date "2014.12.29"]
[Round "5"]
[White "Hartmann, Jasmin"]
[Black "Bünte, Kirsten"]
[Result "0-1"]
[Termination "normal"]
[Board "9.1"]
[WhiteElo "1217"]
[BlackElo "1316"]
[WhiteTeam "SV 1926 Riegelsberg"]
[BlackTeam "Gütersloher SV"]
[PlyCount "124"]
[WhiteFideId "12988898"]
[BlackFideId "16200535"]
[EventCountry "GER"]
[EventRounds "7"]
[EventType "team-swiss"]
[EventDate "2014.12.26"]

1. e4 e5 2. Nf3 Nc6 3. Be2 Nf6 4. Nc3 Bc5 5. d3 d6 6. Bg5 Be6 7. Qd2 h6 8. Be3
Bb4 9. a3 Ba5 10. b4 Bb6 11. h3 Qd7 12. d4 exd4 13. Nxd4 Ne5 14. Nxe6 Qxe6 15.
O-O Bxe3 16. Qxe3 O-O 17. f4 Nc6 18. f5 Qe5 19. Rad1 Rfe8 20. Rf4 Rad8 21. Bc4
a6 22. Rd3 Qe7 23. Nd5 Nxd5 24. Bxd5 Ne5 25. Qg3 Qg5 26. Re3 Qxg3 27. Rxg3 c6
28. Bb3 Kf8 29. f6 g6 30. Rh4 h5 31. Rg5 Rd7 32. Kf2 c5 33. bxc5 dxc5 34. c4
Rd2+ 35. Ke1 Rxg2 36. Rxg2 Nf3+ 37. Kf1 Nxh4 38. Re2 Nf3 39. Kf2 Nd4 40. Ba4 b5
41. cxb5 axb5 42. Rc2 Nxc2 43. Bxc2 Re6 44. Ke3 Rxf6 45. Bd3 c4 46. Bc2 Ra6 47.
a4 bxa4 48. Kd4 a3 49. Bb1 a2 50. Bxa2 Rxa2 51. Kxc4 Rh2 52. Kd5 Rxh3 53. Ke5
Ke7 54. Kf4 Rh4+ 55. Kg5 Rxe4 56. Kh6 h4 57. Kg7 h3 58. Kg8 h2 59. Kg7 h1=Q 60.
Kg8 Rh4 61. Kg7 Qa1+ 62. Kg8 Rh8# 0-1